00399nam a2200133Ia 4500008004100000041000800041082001700049100002300066245011100089250000600200260003800206300001200244650000900256210716s1992 xx 000 0 und d aeng a005.301 STUR aStultz, Russell A. aLearn lotus in a day: for users of lotus 1-2-3 2.0 through 2.3.bFor users of lotus 1-2-3 2.0 through 2.3. a1 aNew DelhibBPB Publicationsc1992 aiii,121 aNone